Vive l'Empereur ! - Statistiques

Statistiques générales
  • Ce quiz a été pris 21 fois
  • Le résultat moyen est 7 sur 10
Statistiques - réponses
Question Réponse % Correct
Où Napoléon est-il né ? Ajaccio
94%
Comment s'appelait la première femme de Napoléon ? Joséphine
94%
Quelle bataille est considérée comme la plus grande victoire de Napoléon ? Austerlitz
88%
Quelle est l'image représentant l'empire napoléonien ?
82%
En quelle année Napoléon est-il devenu empereur ? 1804
82%
Quelle est la date de la bataille de Waterloo ? 1815
82%
En quelle année Napoléon a-t-il été exilé à Sainte-Hélène ? 1815
65%
Quel pays a résisté au Blocus continental imposé par Napoléon ? Royaume-Uni
59%
En quelle année Napoléon a-t-il envahi la Russie ? 1812
53%
Quel code juridique Napoléon a-t-il instauré ? Code Napoléon
12%
Aucun quiz correspondant
Distribution des résultats
% des personnes avec chaque résultat
Percentile par nombre de réponses
Votre historique - résultats
Vous n’avez pas pris ce quiz